00366nam a2200121Ia 4500008004100000040001700041041001200058082001800070100001400088245009300102260003300195300001600228230917s9999||||xx |||||||||||||| ||und|| e111753aMAIN aEnglish a301.426 G552P aGoel, S L 0aPopulation policy and family welfare: Reproductive and child health administration (RCH) aNew DelhibDeep & Deepc2005 aix p. : 526